000 00943cam a22003017a 4500
003 CHAP
005 20220817042958.0
008 971013s1980 r 00010 d
010 _a61705
011 _a62677
035 _a66852
040 _cCHAP
082 _a678.2
_bA2
100 0 0 _aAbu Bakar Man.
_9334
245 1 4 _aThe outlook for natural rubber on the 1980's
260 _aIthaca, New York :
_bCornell University,
_c1980
300 _a67 p.
_b; gráfs.
490 0 _aCornell International Agriculture. Mimeograph
_v; 78
590 _aBATCH-UPD
_b10
_c20130110
_lUCH01
_h0331
590 _aBATCH-UPD
_b10
_c20130110
_lUCH01
_h2255
590 _aCONVERSION
_b10
_c20130109
_lUCH01
_h1333
650 1 4 _aCaucho.
_920537
700 0 _aBlandford, David.
_913109
830 0 _aCornell international agriculture mimeograph
_v; 78
901 _aBK
942 _cLIBRO
949 _a678.2 A2
_bBC
_cLIBRO
_d33724000612016
_eLIBRO
_h48875
_i66852
_si
999 _c61705
_d61705